Pre Launch PBO - RI(Purpose-Built Office Rent Index) [ 18 July 2012
| Corporate Author: | |
|---|---|
| Format: | Book |
| Language: | English |
| Published: |
Kuala Lumpur :
Valuation and Property Services Department ,
2012
|
MARC
| LEADER | 00000cam a2200000 7i4500 | ||
|---|---|---|---|
| 001 | 0000024644 | ||
| 005 | 20130117.0 | ||
| 008 | 130117 my v eng | ||
| 040 | |a INS | ||
| 090 | 0 | 0 | |a VCD 2081 |
| 245 | 0 | 0 | |a Pre Launch PBO - RI(Purpose-Built Office Rent Index) [ |h video disc] : |b 18 July 2012 |
| 260 | |a Kuala Lumpur : |b Valuation and Property Services Department , |c 2012 | ||
| 300 | |a 1 video disc (45min.) : |b sd., col. ; |c 4 3/4 in. | ||
| 710 | 1 | |a Institut Penilaian Negara | |
| 999 | |a VCD0002081 |b VIDEO CD |c Media Collection |e Default branch | ||